000 01010naa a22002777a 4500
001 BR8502476
003 BR-BrBNA
005 20240918175610.0
007 ta
008 230509b bl.||||| |||| 00| 0 por d
040 _aBR-BrBNA
_bpor
_cBiblioteca Nacional de Agricultura
041 _a(Pt)
072 _aL01; N20
_b5214
_b9410
_b4580
090 _aL01 BR8502476
100 1 _aZampini, W.
245 1 _aOrdenha mecanica; apresentacao e instalacoes
260 3 _aCampinas, SP (Brasil):
_c1985.
500 _aRoston, A.J. (ed.) Utilizacao de tecnicas modernas na exploracao leiteira Campinas, SP (Brasil): 1985. p. 78-103 (BR8502476-AM)L01
650 _aGADO LEITEIRO
650 _aLEITE
650 _aORDENHA MECANICA
650 _aORDENHADEIRA
773 0 _tUtilizacao de tecnicas modernas na exploracao leiteira
_aRoston, A.J. (ed.). Fundacao Cargill, Campinas, SP (Brasil)
_wL01 BR8502476
_gCampinas, SP (Brasil), 1985. p. 78-103
909 _a202404
_bLucia
_c55
_dLucia Elande
942 _cAM
_2AGRIS
999 _c317404
_d317404